000
00292 a2200145 4500
001
160445
020
_a
040
_c
Magnum
100
_a
-
240
1
0
_a
O corvo e a raposa/maltese
_l
por
245
1
0
_a
O corvo e a raposa/maltese
362
0
_a
1899
697
_a
I/FABULAS
942
_c
BK
999
_c
160445
_d
160445